| 000 | 00544nam a2200229Ia 4500 | ||
|---|---|---|---|
| 003 | OSt | ||
| 005 | 20221005131633.0 | ||
| 006 | a|||||r|||| 00| 0 | ||
| 007 | ta | ||
| 008 | 221004b |||||||| |||| 00| 0 eng d | ||
| 024 | _a29516 | ||
| 037 | _cTextual | ||
| 040 |
_aCRL _cCRL _beng |
||
| 041 |
_2eng _aeng |
||
| 082 | _aX:86V, (G7) | ||
| 245 | 0 | _aStatistics for retail credit departments | |
| 260 | _c1937 | ||
| 300 |
_a69p. _ccm. |
||
| 650 | _aECONOMICS | ||
| 942 |
_hX:86V, (G7) _cTEXL _2cc |
||
| 999 |
_c1060993 _d1060993 |
||